000 00660cam a2200229Ia 4500
008
020 _a0340568224 (pbk.)
049 _aMAIN
090 _aTL210
_bHEI
100 1 _aHeisler, Heinz.
245 1 0 _aAdvanced engine technology /
_cHeinz Heisler.
260 _aLondon :
_bE. Arnold,
_c1995.
300 _aix, 794 p. :
_bill. ;
_c26 cm.
500 _aIncludes index.
650 0 _aAutomobiles
_xMotors
_xDesign and construction.
650 0 _aInternal combustion engines.
907 _a.b10168722
_b21-02-13
_c19-07-05
003
005 20230123134056.0
040 _cNUST
942 _cBOOKS
_kTL210
_mHEI
999 _c159608
_d159608